Normal view
MARC view
Entry Topical Term
001 - CONTROL NUMBER
- control field: 50388
003 - CONTROL NUMBER IDENTIFIER
- control field: ARRUPE
005 - DATE AND TIME OF LATEST TRANSACTION
- control field: 20211008113137.0
008 - FIXED-LENGTH DATA ELEMENTS
- fixed length control field: 211008|| aca||aabn | a|a d
040 ## - CATALOGING SOURCE
- Original cataloging agency: ARRUPE
- Transcribing agency: ARRUPE
150 ## - HEADING--TOPICAL TERM
- Topical term or geographic name as entry element: Brain mapping
- Form subdivision: Popular works
670 ## - SOURCE DATA FOUND
- Source citation: Work cat.: (ARRUPE)0: Carter, Rita, 1949- 50387, Mapping the mind /, c1998.